[Event "LVII C.to Torinese Assoluto"]
[Site "Torino ITA"]
[Date "2012.11.26"]
[Round "4"]
[White "Macheda, Andrea"]
[Black "Melone, Antonio"]
[WhiteElo "1955"]
[BlackElo "2114"]
[Result "1-0"]
[PlyCount "93"]
[EventDate "2012.11.07"]

1. e4 c6 2. d4 d5 3. Nc3 dxe4 4. Nxe4 Nf6 5. Nxf6+ gxf6 6. g3 h5 7. Bg2 Bg4 8.
Qd3 e6 9. Bd2 Bd6 10. Ne2 Nd7 11. O-O-O Qc7 12. h4 O-O-O 13. Bf3 Bf5 14. Be4
Bxe4 15. Qxe4 Rdg8 16. Rhe1 f5 17. Qf3 Nf6 18. Bf4 Rg4 19. c4 Rhg8 20. Kb1 Ne4
21. Bxd6 Qxd6 22. Nf4 Qb4 23. Qe3 Qxc4 24. Nxh5 Qb4 25. a3 Qd6 26. f3 Rxg3 27.
Nxg3 Rxg3 28. Rg1 Rh3 29. Rh1 Qg3 30. Rxh3 Qxh3 31. Qf4 Nf6 32. Rg1 Nd5 33. Qd6
Nf6 34. Qf8+ Kc7 35. Qxf7+ Nd7 36. Qxe6 Qxf3 37. Rg7 Qd3+ 38. Ka2 Qxd4 39. Rf7
f4 40. h5 f3 41. Rxf3 Ne5 42. Qe7+ Nd7 43. Qf7 b5 44. Qf4+ Qd6 45. Qxd6+ Kxd6
46. Rd3+ Ke6 47. Rxd7 1-0

[Event "LVII C.to Torinese Assoluto"]
[Site "Torino ITA"]
[Date "2012.11.26"]
[Round "4"]
[White "Pepino, Enrico"]
[Black "Gallucci, Alessio"]
[WhiteElo "2157"]
[BlackElo "2228"]
[Result "0-1"]
[PlyCount "50"]
[EventDate "2012.11.07"]

1. d4 f5 2. c4 Nf6 3. Nf3 g6 4. g3 Bg7 5. Bg2 O-O 6. O-O d6 7. Nc3 Kh8 8. Rb1
c6 9. b4 Qe8 10. d5 e5 11. dxc6 Nxc6 12. Nb5 e4 13. Nfd4 Nxd4 14. Nxd4 Be6 15.
Qb3 Bg8 16. Bf4 Rc8 17. Rfc1 Ng4 18. e3 Ne5 19. Bxe5 Bxe5 20. Bf1 g5 21. Qd1 f4
22. c5 Qf7 23. Bc4 d5 24. exf4 gxf4 25. Bf1 fxg3 0-1

[Event "LVII C.to Torinese Assoluto"]
[Site "Torino ITA"]
[Date "2012.11.26"]
[Round "4"]
[White "Yao, Stefano"]
[Black "Barbiso, Tiziana"]
[WhiteElo "1860"]
[BlackElo "2008"]
[Result "1-0"]
[PlyCount "65"]
[EventDate "2012.11.07"]

1. Nf3 d5 2. c4 e6 3. g3 c6 4. b3 Nf6 5. Bg2 Bd6 6. Bb2 Nbd7 7. d4 dxc4 8. bxc4
c5 9. e3 O-O 10. O-O Nb6 11. Qc2 Bd7 12. a4 Bc6 13. a5 Nbd7 14. Nc3 a6 15. Rfd1
cxd4 16. exd4 Rc8 17. Qb3 Qc7 18. Qa2 Ne4 19. d5 Nxc3 20. Bxc3 exd5 21. cxd5
Bb5 22. Rac1 Bc4 23. Qa1 f6 24. Nd4 Nc5 25. Bb2 Bb5 26. Ne6 Qf7 27. Nxf8 Rxf8
28. Qa3 Ne4 29. Qe3 f5 30. f3 Nf6 31. Bxf6 Qxf6 32. Qe6+ Qf7 33. Qxd6 1-0

[Event "LVII C.to Torinese Assoluto"]
[Site "Torino ITA"]
[Date "2012.11.30"]
[Round "5"]
[White "Barbiso, Tiziana"]
[Black "Bertagia, Roldano"]
[WhiteElo "2008"]
[BlackElo "1931"]
[Result "0-1"]
[PlyCount "95"]
[EventDate "2012.11.07"]

1. e4 e5 2. Nf3 Nc6 3. d4 exd4 4. Bc4 Bc5 5. O-O d6 6. c3 dxc3 7. Nxc3 Nge7 8.
Ng5 Ne5 9. Qh5 N7g6 10. Be2 h6 11. Nh3 O-O 12. Kh1 Qh4 13. Qxh4 Nxh4 14. Nf4
Nhg6 15. Nfd5 c6 16. Ne3 Nf4 17. Bd2 Be6 18. b3 b5 19. Rfe1 a6 20. Rad1 Rad8
21. g3 Nxe2 22. Rxe2 Nf3 23. Bc1 Bh3 24. Rc2 Rfe8 25. Ne2 g5 26. Ng1 Nxg1 27.
Kxg1 Rc8 28. Bb2 Rxe4 29. Rcd2 Rxe3 30. fxe3 Bxe3+ 31. Kh1 Bxd2 32. Rxd2 Re8
33. Kg1 Re6 34. Kf2 Kf8 35. Kf3 h5 36. b4 Ke7 37. Bd4 Bg4+ 38. Kf2 Re4 39. a3
Be6 40. Be3 f6 41. Bb6 f5 42. Be3 f4 43. gxf4 gxf4 44. Bd4 Bd5 45. Rd1 Ke6 46.
Bh8 Kf5 47. Rg1 Re3 48. h4 0-1

[Event "LVII C.to Torinese Assoluto"]
[Site "Torino ITA"]
[Date "2012.11.30"]
[Round "5"]
[White "Gallucci, Alessio"]
[Black "Barletta, Mauro"]
[WhiteElo "2228"]
[BlackElo "2233"]
[Result "0-1"]
[PlyCount "96"]
[EventDate "2012.11.07"]

1. f4 d5 2. Nf3 Nc6 3. e3 Bg4 4. Bb5 Qd6 5. O-O Nf6 6. b3 a6 7. Ba3 Qd7 8. Be2
Bxf3 9. Bxf3 e5 10. Bxf8 Kxf8 11. Nc3 e4 12. Be2 h5 13. d3 Qf5 14. Na4 Ng4 15.
Qd2 Rd8 16. Nc5 b6 17. Nxa6 Rh6 18. h3 d4 19. dxe4 Qh7 20. Bd3 Nxe3 21. Rfe1
Qg6 22. Nxc7 Qd6 23. Nb5 Qxf4 24. Nxd4 Nxg2 25. Qxf4 Nxf4 26. Nxc6 Rxc6 27.
Rad1 Nxh3+ 28. Kh2 Nf4 29. Bc4 Rcd6 30. Rxd6 Rxd6 31. Kg3 g5 32. b4 Rd2 33. Bb3
Ne2+ 34. Kh3 Nd4 35. Bd5 g4+ 36. Kg3 Rxc2 37. Rh1 Ne2+ 38. Kh4 Ke7 39. Rf1 f6
40. Bb3 Rc3 41. Rh1 Ng3 42. Rg1 Ne2 43. Rh1 Nd4 44. Bd5 Kd6 45. Bf7 Nf3+ 46.
Kxh5 Ne5 47. Rd1+ Ke7 48. Bd5 Rh3# 0-1

[Event "LVII C.to Torinese Assoluto"]
[Site "Torino ITA"]
[Date "2012.11.30"]
[Round "5"]
[White "Melone, Antonio"]
[Black "Yao, Stefano"]
[WhiteElo "2114"]
[BlackElo "1860"]
[Result "1-0"]
[PlyCount "101"]
[EventDate "2012.11.07"]

1. d4 Nf6 2. c4 e6 3. Nc3 Bb4 4. f3 d5 5. a3 Bxc3+ 6. bxc3 c5 7. cxd5 Nxd5 8.
dxc5 f5 9. Qc2 f4 10. Bxf4 Nxf4 11. Qa4+ Nc6 12. Qxf4 e5 13. Qd2 Qa5 14. Qa2
Qxc5 15. Rd1 e4 16. fxe4 Qxc3+ 17. Qd2 Qxa3 18. e3 O-O 19. Bc4+ Kh8 20. Nf3 Bg4
21. O-O Qe7 22. Bd5 Rad8 23. Qc3 Bxf3 24. Rxf3 Rxf3 25. gxf3 Qg5+ 26. Kh1 Qh5
27. Rf1 Ne5 28. f4 Ng4 29. Qd2 Qh3 30. Qe2 b6 31. Rf3 Qh6 32. Rg3 Nf6 33. Rg5
Qh3 34. Rg3 Qd7 35. Rg1 Nxd5 36. Rd1 Qe7 37. Qd3 h6 38. exd5 Qd6 39. Qd4 Kg8
40. Qe5 Qxe5 41. fxe5 Kf7 42. e4 Re8 43. e6+ Kf6 44. Kg2 Ke5 45. Kf3 Rc8 46.
Rd3 b5 47. Kg4 g6 48. Ra3 Rc4 49. e7 Rc8 50. Ra6 Kxe4 51. d6 1-0

[Event "LVII C.to Torinese Assoluto"]
[Site "Torino ITA"]
[Date "2012.11.30"]
[Round "5"]
[White "Pepino, Enrico"]
[Black "Fassio, Luca"]
[WhiteElo "2157"]
[BlackElo "2066"]
[Result "1-0"]
[PlyCount "83"]
[EventDate "2012.11.07"]

1. d4 g6 2. c4 Bg7 3. Nf3 d6 4. g3 Nf6 5. Bg2 O-O 6. O-O c5 7. d5 e6 8. Nc3
exd5 9. cxd5 Na6 10. Nd2 Nc7 11. a4 Rb8 12. Nc4 Nfe8 13. Re1 f5 14. Qc2 b6 15.
Bd2 a6 16. e3 Nf6 17. Red1 Re8 18. Be1 Qe7 19. Rab1 Bd7 20. b4 b5 21. axb5 axb5
22. Na5 c4 23. Ra1 Ra8 24. Ra2 Qe5 25. h4 h6 26. Ne2 Kh7 27. Bc3 Qe7 28. Nf4
Ng4 29. Bxg7 Qxg7 30. Nb7 Qe7 31. Rxa8 Rxa8 32. Bf3 Nf6 33. h5 g5 34. Ng6 Qe8
35. Nxd6 Qg8 36. Ne7 Qf8 37. Ndxf5 Bxf5 38. Qxf5+ Kg7 39. d6 Re8 40. Ng6 Ne6
41. Nxf8 Nxf8 42. Qxb5 1-0

[Event "LVII C.to Torinese Assoluto"]
[Site "Torino ITA"]
[Date "2012.11.30"]
[Round "5"]
[White "Pulito, Alberto"]
[Black "Macheda, Andrea"]
[WhiteElo "2277"]
[BlackElo "1955"]
[Result "1-0"]
[PlyCount "114"]
[EventDate "2012.11.07"]

1. Nf3 Nf6 2. c4 g6 3. b3 Bg7 4. Bb2 O-O 5. g3 d6 6. Bg2 e5 7. O-O Qe7 8. Nc3
c6 9. Ne1 a5 10. a3 Na6 11. d3 Be6 12. Nc2 d5 13. f4 Qc5+ 14. e3 exf4 15. gxf4
Qb6 16. Nd4 Rad8 17. Na4 Qa7 18. Qe1 Nc5 19. Nxc5 Qxc5 20. b4 axb4 21. axb4 Qe7
22. Ra7 Qd7 23. b5 Qc8 24. Nxe6 fxe6 25. Qa1 Ne8 26. Bxg7 Nxg7 27. e4 dxc4 28.
dxc4 cxb5 29. cxb5 Qc5+ 30. Kh1 Qxb5 31. Rb1 Qe2 32. Raxb7 Nh5 33. Re1 Qd2 34.
Bh3 Rde8 35. Rd1 Qxf4 36. Rdd7 Qf6 37. e5 Qh4 38. Rxh7 Ng3+ 39. hxg3 Qxh7 40.
Rxh7 Kxh7 41. Qa7+ Kh6 42. Qe3+ Kg7 43. Bg4 Rf7 44. Kg2 Rc7 45. Qe4 Rf7 46. Qc4
Rfe7 47. Qf4 Rf7 48. Qg5 Kh7 49. Qe3 Kg7 50. Be2 Rfe7 51. Bd3 Kh7 52. Qg5 Rg7
53. Qf6 Ree7 54. Bxg6+ Kg8 55. Kh3 Ra7 56. Qxe6+ Kh8 57. Qf6 Kg8 1-0

[Event "LVII C.to Torinese Assoluto"]
[Site "Torino ITA"]
[Date "2012.11.30"]
[Round "5"]
[White "Settis, Massimo"]
[Black "Giacometto, Mario"]
[WhiteElo "1969"]
[BlackElo "2000"]
[Result "0-1"]
[PlyCount "36"]
[EventDate "2012.11.07"]

1. c4 Nf6 2. g3 e6 3. Bg2 d5 4. Nf3 c6 5. b3 Be7 6. O-O O-O 7. Bb2 Nbd7 8. d3
b6 9. Nbd2 Bb7 10. e4 dxe4 11. dxe4 Nc5 12. e5 Ng4 13. h3 Nd3 14. Bc3 Ngxf2 15.
Rxf2 Nxf2 16. Kxf2 Qd3 17. Bd4 Rad8 18. Qe2 Rxd4 0-1

[Event "LVII C.to Torinese Assoluto"]
[Site "Torino ITA"]
[Date "2012.11.30"]
[Round "5"]
[White "Sorcinelli, Francesco"]
[Black "Finocchiaro, Gianluca"]
[WhiteElo "2134"]
[BlackElo "2080"]
[Result "1-0"]
[PlyCount "83"]
[EventDate "2012.11.07"]

1. Nf3 d6 2. d4 Bg4 3. e4 Nf6 4. Nbd2 e5 5. dxe5 dxe5 6. h3 Bh5 7. g4 Bg6 8.
Nxe5 Bxe4 9. Nxe4 Qxd1+ 10. Kxd1 Nxe4 11. Be3 Nd7 12. Nxd7 O-O-O 13. Bd3 Rxd7
14. Ke2 Nd6 15. c4 Kb8 16. c5 Ne8 17. Bf5 Rd8 18. Rhd1 Be7 19. Rxd8+ Bxd8 20.
Rd1 Nf6 21. g5 g6 22. gxf6 gxf5 23. Rd7 Bxf6 24. b4 Bc3 25. b5 f6 26. Bf4 Ba5
27. Rf7 Bc3 28. Bxc7+ Kc8 29. Kd3 Ba1 30. c6 bxc6 31. bxc6 Re8 32. Kc4 Re2 33.
Ba5 Re8 34. Rxa7 Kb8 35. Bb6 Re4+ 36. Kb5 Be5 37. c7+ Bxc7 38. Rxc7 Re2 39. a4
Re4 40. Rxh7 f4 41. a5 Re1 42. Rh8+ 1-0

[Event "LVII C.to Torinese Assoluto"]
[Site "Torino ITA"]
[Date "2012.12.01"]
[Round "6"]
[White "Barletta, Mauro"]
[Black "Pepino, Enrico"]
[WhiteElo "2233"]
[BlackElo "2157"]
[Result "1/2-1/2"]
[PlyCount "80"]
[EventDate "2012.11.07"]

1. Nf3 g6 2. d4 Bg7 3. g3 Nf6 4. Bg2 O-O 5. O-O d6 6. Re1 Nc6 7. e4 e5 8. dxe5
Nxe5 9. Nxe5 dxe5 10. Qxd8 Rxd8 11. Nc3 c6 12. a4 Bf8 13. Bg5 Kg7 14. Rad1 Bg4
15. Rxd8 Rxd8 16. h3 Be6 17. Be3 Bb4 18. Bxa7 Bxc3 19. bxc3 Ra8 20. Bc5 Rxa4
21. Bd6 Nd7 22. f4 f6 23. Kf2 Kf7 24. Bf1 b5 25. h4 h5 26. Ke3 f5 27. Bg2 exf4+
28. Bxf4 Rc4 29. Kd2 Nf6 30. exf5 gxf5 31. Be5 Bd5 32. Bxf6 Bxg2 33. Bg5 Be4
34. Ra1 b4 35. cxb4 Rxc2+ 36. Ke3 Ke6 37. Kd4 Rb2 38. Kc5 Rc2+ 39. Kd4 Rb2 40.
Kc5 Rc2+ 1/2-1/2

[Event "LVII C.to Torinese Assoluto"]
[Site "Torino ITA"]
[Date "2012.12.01"]
[Round "6"]
[White "Fassio, Luca"]
[Black "Melone, Antonio"]
[WhiteElo "2066"]
[BlackElo "2114"]
[Result "1-0"]
[PlyCount "99"]
[EventDate "2012.11.07"]

1. e4 c5 2. c3 g6 3. d4 Bg7 4. Nf3 Qc7 5. dxc5 Na6 6. Bxa6 bxa6 7. Be3 Nf6 8.
Nfd2 O-O 9. O-O Bb7 10. f3 Nh5 11. Bd4 Bh6 12. Qe1 Nf4 13. Qh4 e5 14. Bxe5 Qxe5
15. Qxh6 Qxc5+ 16. Kh1 Nd3 17. Nb3 Nf2+ 18. Rxf2 Qxf2 19. N1d2 Rac8 20. Nd4 f5
21. Rf1 Qxf1+ 22. Nxf1 fxe4 23. Nd2 Rce8 24. fxe4 Rxe4 25. h3 Re1+ 26. Kh2 Rf2
27. N2f3 Bxf3 28. Nxf3 Ree2 29. Nh4 Rxb2 30. a3 Rbc2 31. Qe3 Rfd2 32. Qxa7 g5
33. Qa8+ Kf7 34. Qf3+ Kg7 35. Nf5+ Kg6 36. Nd4 Rb2 37. Qf5+ Kg7 38. Qxg5+ Kf7
39. Qf5+ Ke8 40. Qe4+ Kd8 41. Qd5 Kc8 42. h4 Rf2 43. h5 Kd8 44. h6 Ke7 45. a4
Ra2 46. a5 Rab2 47. Qe4+ Kd6 48. Nf5+ Kc5 49. Ne3 Rfe2 50. Qd5# 1-0

[Event "LVII C.to Torinese Assoluto"]
[Site "Torino ITA"]
[Date "2012.12.01"]
[Round "6"]
[White "Finocchiaro, Gianluca"]
[Black "Pulito, Alberto"]
[WhiteElo "2080"]
[BlackElo "2277"]
[Result "0-1"]
[PlyCount "70"]
[EventDate "2012.11.07"]

1. e4 b6 2. d4 Bb7 3. Nc3 e6 4. Nf3 Nf6 5. Bg5 h6 6. Bxf6 Qxf6 7. e5 Qe7 8. Bd3
d6 9. Qe2 d5 10. O-O g6 11. Nd1 Bg7 12. Ne3 c5 13. Bb5+ Nd7 14. Ng4 a6 15. Nf6+
Bxf6 16. exf6 Qxf6 17. Bxd7+ Kxd7 18. c4 cxd4 19. Rfd1 Rhd8 20. Qd2 dxc4 21.
Nxd4 Ke8 22. Qc3 Rac8 23. Qe3 Qg5 24. Qh3 h5 25. Kh1 Qg4 26. Qxg4 hxg4 27. Nc2
c3 28. b3 Rd2 29. Ne3 Rxf2 30. Kg1 Re2 31. Nc4 Rxg2+ 32. Kf1 Rxc4 33. bxc4 Rxh2
34. Kg1 g3 35. Kf1 Bf3 0-1

[Event "LVII C.to Torinese Assoluto"]
[Site "Torino ITA"]
[Date "2012.12.01"]
[Round "6"]
[White "Gallucci, Alessio"]
[Black "Sorcinelli, Francesco"]
[WhiteElo "2228"]
[BlackElo "2134"]
[Result "0-1"]
[PlyCount "62"]
[EventDate "2012.11.07"]

1. Nf3 g6 2. g3 Bg7 3. Bg2 Nf6 4. d4 O-O 5. c4 d6 6. O-O c6 7. Nc3 a6 8. Qc2 b5
9. cxb5 axb5 10. e4 b4 11. Ne2 Ba6 12. Re1 Qb6 13. b3 Nfd7 14. Bb2 e5 15. dxe5
dxe5 16. a4 c5 17. Rad1 Qe6 18. Ng5 Qe7 19. f4 Nc6 20. Nf3 Nd4 21. Nexd4 cxd4
22. fxe5 d3 23. Qd2 Nxe5 24. Nxe5 Bxe5 25. Bxe5 Qxe5 26. Rc1 Qd4+ 27. Kh1 Rac8
28. h4 Rc3 29. Rb1 Rc2 30. Qf4 d2 31. Red1 Be2 0-1

[Event "LVII C.to Torinese Assoluto"]
[Site "Torino ITA"]
[Date "2012.12.01"]
[Round "6"]
[White "Giacometto, Mario"]
[Black "Yao, Stefano"]
[WhiteElo "2000"]
[BlackElo "1860"]
[Result "1/2-1/2"]
[PlyCount "56"]
[EventDate "2012.11.07"]

1. e4 c5 2. Nf3 e6 3. c3 d5 4. e5 d4 5. Bd3 Nc6 6. O-O Nge7 7. Re1 Ng6 8. g3
Be7 9. Na3 O-O 10. Nc2 Re8 11. a3 a5 12. a4 Bf8 13. b3 Qc7 14. Qe2 Rd8 15. Na3
dxc3 16. dxc3 Ncxe5 17. Nxe5 Qxe5 18. Bxg6 Qxe2 19. Bxf7+ Kxf7 20. Rxe2 Rd1+
21. Kg2 Bd7 22. Nc4 Bc6+ 23. f3 Bd6 24. Bb2 Rd3 25. Nxd6+ Rxd6 26. Kf2 Rd3 27.
Re3 Rd2+ 28. Re2 Rd3 1/2-1/2

[Event "LVII C.to Torinese Assoluto"]
[Site "Torino ITA"]
[Date "2012.12.01"]
[Round "6"]
[White "Macheda, Andrea"]
[Black "Bertagia, Roldano"]
[WhiteElo "1955"]
[BlackElo "1931"]
[Result "1-0"]
[PlyCount "97"]
[EventDate "2012.11.07"]

1. e4 e5 2. Nf3 Nc6 3. Bb5 a6 4. Ba4 b5 5. Bb3 Bc5 6. O-O d6 7. c3 Bb7 8. d4
Bb6 9. Bg5 Nge7 10. Bh4 h6 11. Bg3 Ng6 12. h4 Qe7 13. a4 b4 14. d5 Na5 15. cxb4
Nxb3 16. Qxb3 a5 17. bxa5 Rxa5 18. Nbd2 Ba6 19. Nc4 Bxc4 20. Qxc4 O-O 21. b4
Raa8 22. a5 Ba7 23. Rfc1 Rfc8 24. Qd3 Qd7 25. Rc4 Qg4 26. Kf1 Nf4 27. Bxf4 Qxf4
28. Rac1 Rcb8 29. Qd2 Qg4 30. Qe1 f5 31. exf5 Qxf5 32. Qe4 Qh5 33. Rxc7 Rf8 34.
R1c2 Rf4 35. Rc8+ Rxc8 36. Rxc8+ Kf7 37. Qh7 Qg4 38. Qg8+ Kg6 39. Qe6+ Qxe6 40.
dxe6 Kf6 41. e7 Kxe7 42. Rc7+ Kf6 43. Rxa7 Rxb4 44. Rd7 Ke6 45. Rxg7 Ra4 46.
Rg6+ Kd5 47. Rxh6 Rxa5 48. Ng5 Ra7 49. Rf6 1-0

[Event "LVII C.to Torinese Assoluto"]
[Site "Torino ITA"]
[Date "2012.12.01"]
[Round "6"]
[White "Settis, Massimo"]
[Black "Barbiso, Tiziana"]
[WhiteElo "1969"]
[BlackElo "2008"]
[Result "1-0"]
[PlyCount "91"]
[EventDate "2012.11.07"]

1. c4 e6 2. g3 d5 3. Bg2 c6 4. Nf3 Nd7 5. b3 Ngf6 6. Bb2 Be7 7. O-O O-O 8. d3
b6 9. Nbd2 Bb7 10. Qc2 Rc8 11. e4 Qc7 12. e5 Ne8 13. Rfe1 c5 14. h4 g6 15. Nf1
Ng7 16. Ne3 h5 17. Rad1 d4 18. Nf1 Bxf3 19. Bxf3 Nxe5 20. Bg2 Ng4 21. Bc1 Bd6
22. Re2 Rce8 23. Rde1 f5 24. f3 Ne3 25. Bxe3 dxe3 26. f4 Be7 27. Nxe3 Bf6 28.
Kh2 Bd4 29. Qd2 Qd6 30. Nc2 e5 31. Bd5+ Kh7 32. Nxd4 exd4 33. Re5 Rxe5 34. Rxe5
Re8 35. Qe2 Rxe5 36. Qxe5 Qxe5 37. fxe5 Ne8 38. Kg2 Kh6 39. Kf3 g5 40. hxg5+
Kxg5 41. Bg8 Ng7 42. Bf7 a6 43. a3 a5 44. a4 h4 45. gxh4+ Kxh4 46. e6 1-0

[Event "LVII C.to Torinese Assoluto"]
[Site "Torino ITA"]
[Date "2012.12.02"]
[Round "7"]
[White "Barbiso, Tiziana"]
[Black "Giacometto, Mario"]
[WhiteElo "2008"]
[BlackElo "2000"]
[Result "0-1"]
[PlyCount "66"]
[EventDate "2012.11.07"]

1. e4 Nf6 2. e5 Nd5 3. c4 Nb6 4. d4 d6 5. exd6 exd6 6. Nc3 g6 7. Bd3 Nc6 8. Be3
Bg7 9. Nge2 O-O 10. O-O Ne7 11. Ng3 d5 12. c5 Nc4 13. Qc1 Nxe3 14. fxe3 f5 15.
Nge2 Be6 16. b4 a6 17. a4 a5 18. Qb2 b6 19. bxa5 bxa5 20. Rab1 Nc6 21. Nf4 Bf7
22. Na2 Rb8 23. Qd2 Rxb1 24. Rxb1 Qa8 25. Rb5 Re8 26. Bf1 Rxe3 27. Ne2 Qe8 28.
Nac3 f4 29. Rb7 Qc8 30. Rb1 g5 31. Kh1 Nb4 32. Ng1 Bg6 33. Nf3 Bxb1 0-1

[Event "LVII C.to Torinese Assoluto"]
[Site "Torino ITA"]
[Date "2012.12.02"]
[Round "7"]
[White "Bertagia, Roldano"]
[Black "Finocchiaro, Gianluca"]
[WhiteElo "1931"]
[BlackElo "2080"]
[Result "0-1"]
[PlyCount "54"]
[EventDate "2012.11.07"]

1. e4 e5 2. Nf3 Nc6 3. Bc4 Nf6 4. d3 Be7 5. O-O O-O 6. Nc3 d6 7. h3 Na5 8. Be3
Nxc4 9. dxc4 Be6 10. Qd3 c6 11. b3 Nh5 12. Rad1 f5 13. exf5 Bxf5 14. Qe2 Qe8
15. Rfe1 Qg6 16. Kh2 Bxc2 17. Rd2 Be4 18. Nxe4 Qxe4 19. Ng5 Qg6 20. Qg4 Nf4 21.
Bxf4 Rxf4 22. Qe6+ Qxe6 23. Nxe6 Rf7 24. f4 exf4 25. Nxf4 Bg5 26. g3 Rxf4 27.
gxf4 Bxf4+ 0-1

[Event "LVII C.to Torinese Assoluto"]
[Site "Torino ITA"]
[Date "2012.12.02"]
[Round "7"]
[White "Macheda, Andrea"]
[Black "Gallucci, Alessio"]
[WhiteElo "1955"]
[BlackElo "2228"]
[Result "1/2-1/2"]
[PlyCount "85"]
[EventDate "2012.11.07"]

1. e4 c5 2. Nf3 Nc6 3. d4 cxd4 4. Nxd4 Nf6 5. Nc3 e5 6. Ndb5 d6 7. Bg5 a6 8.
Na3 b5 9. Nd5 Be7 10. Bxf6 Bxf6 11. c3 O-O 12. Nc2 Bg5 13. a4 bxa4 14. Rxa4 a5
15. Be2 Ne7 16. Nce3 Bxe3 17. Nxe3 Bb7 18. Bf3 Ra6 19. O-O Qa8 20. Be2 Rc6 21.
Qd2 Qd8 22. Nc4 Ra6 23. Rd1 Bc6 24. Qxd6 Qa8 25. Rxa5 Rxa5 26. Nxa5 Bxe4 27.
Qxe7 Qxa5 28. Bc4 Bg6 29. b4 Qa8 30. Qxe5 h5 31. Bd5 Qa4 32. Qd4 Re8 33. Qd2
Be4 34. Bxe4 Rxe4 35. Re1 Qc2 36. Qc1 Re2 37. Rf1 Qa2 38. h3 g6 39. Qb1 Qc4 40.
b5 Qxc3 41. b6 Rb2 42. b7 Qb4 43. Qd3 1/2-1/2

[Event "LVII C.to Torinese Assoluto"]
[Site "Torino ITA"]
[Date "2012.12.02"]
[Round "7"]
[White "Melone, Antonio"]
[Black "Settis, Massimo"]
[WhiteElo "2114"]
[BlackElo "1969"]
[Result "1-0"]
[PlyCount "91"]
[EventDate "2012.11.07"]

1. d4 Nf6 2. c4 g6 3. Nc3 Bg7 4. e4 d6 5. f3 O-O 6. Be3 Nc6 7. Nge2 a6 8. Qd2
Rb8 9. Nc1 e5 10. Nb3 exd4 11. Nxd4 Ne5 12. O-O-O Bd7 13. Be2 Qe8 14. g4 b5 15.
h4 Nxc4 16. Bxc4 bxc4 17. h5 Qe5 18. Bh6 c6 19. Bxg7 Kxg7 20. Nde2 d5 21. hxg6
fxg6 22. exd5 cxd5 23. Qh6+ Kg8 24. Rxd5 Qe7 25. Rd2 Rbd8 26. Nd4 Qg7 27. Qxg7+
Kxg7 28. g5 Nh5 29. Re1 Rde8 30. Rxe8 Rxe8 31. Ne4 Ba4 32. b3 cxb3 33. axb3 Bd7
34. Kb2 Nf4 35. Ne2 Nxe2 36. Rxd7+ Kf8 37. Rxh7 Re6 38. Nf6 Nd4 39. Rh8+ Kf7
40. Rh7+ Kf8 41. Rh4 Nxf3 42. Rf4 Ne1 43. Kc3 Kg7 44. Rf2 Kf7 45. Kd2 Re5 46.
Ng4+ 1-0

[Event "LVII C.to Torinese Assoluto"]
[Site "Torino ITA"]
[Date "2012.12.02"]
[Round "7"]
[White "Pulito, Alberto"]
[Black "Barletta, Mauro"]
[WhiteElo "2277"]
[BlackElo "2233"]
[Result "1-0"]
[PlyCount "95"]
[EventDate "2012.11.07"]

1. f4 d5 2. Nf3 Nc6 3. b3 Bg4 4. e3 e5 5. fxe5 Bxf3 6. Qxf3 Nxe5 7. Qh3 Be7 8.
Nc3 Bh4+ 9. g3 Bf6 10. Be2 d4 11. exd4 Qxd4 12. Bb2 Ne7 13. O-O-O O-O 14. Kb1
c6 15. Rhf1 N7g6 16. Qg2 Nd7 17. h4 Rfe8 18. h5 Ngf8 19. h6 Ng6 20. hxg7 Bxg7
21. Rxf7 Kxf7 22. Bc4+ Kf8 23. Rf1+ Bf6 24. g4 Nf4 25. Qh2 Kg7 26. g5 Be5 27.
Na4 Qd6 28. Qxf4 Rf8 29. Qe3 Rxf1+ 30. Bxf1 Bxb2 31. Nxb2 Qe5 32. Qh3 Qe1+ 33.
Nd1 Qxd1+ 34. Kb2 Qxd2 35. Qh6+ Kg8 36. Bc4+ Kh8 37. Bd3 Qxd3 38. cxd3 Nf8 39.
Qf6+ Kg8 40. Qe7 b6 41. d4 a5 42. a4 b5 43. axb5 cxb5 44. d5 Ng6 45. Qe6+ Kf8
46. Qd6+ Ne7 47. Qf6+ Ke8 48. Qh8+ 1-0

[Event "LVII C.to Torinese Assoluto"]
[Site "Torino ITA"]
[Date "2012.12.02"]
[Round "7"]
[White "Yao, Stefano"]
[Black "Fassio, Luca"]
[WhiteElo "1860"]
[BlackElo "2066"]
[Result "1/2-1/2"]
[PlyCount "135"]
[EventDate "2012.11.07"]

1. Nf3 g6 2. c4 Bg7 3. Nc3 d6 4. d4 Nf6 5. g3 O-O 6. Bg2 c5 7. O-O Nc6 8. dxc5
dxc5 9. Be3 Qa5 10. Qa4 Nd7 11. Qxa5 Nxa5 12. Nd2 Ne5 13. Bxc5 Nexc4 14. Nxc4
Nxc4 15. Rac1 Be6 16. b3 Rac8 17. Bxe7 Rfe8 18. bxc4 Rxe7 19. Nd5 Rd7 20. a4
Rc5 21. Rfd1 b6 22. Ne3 Kf8 23. Bd5 Ke7 24. Rb1 Rdc7 25. Kg2 Ra5 26. Rb4 Be5
27. Bf3 Bd6 28. Rb5 Rxa4 29. Nd5+ Bxd5 30. Bxd5 Bc5 31. Rbb1 Ra2 32. Kf3 a5 33.
Ra1 Rxa1 34. Rxa1 Kd6 35. e4 Ke5 36. Ke2 Kd4 37. Kd2 f5 38. f3 fxe4 39. fxe4
Rc8 40. Rf1 a4 41. Kc2 a3 42. Kb3 Rf8 43. Rxf8 Bxf8 44. Bg8 h6 45. Bh7 g5 46.
Bg6 Ke3 47. Bf5 Kf2 48. g4 Kg2 49. Bg6 Kxh2 50. Bf7 Kg3 51. Bh5 Kf4 52. Ka2
Kxe4 53. Kb3 Kd3 54. Bf7 Bc5 55. Be6 Kd4 56. Bf7 Ke4 57. Ka2 Kf3 58. Bh5 Ke3
59. Bf7 Kd3 60. Kb3 Bd6 61. Be6 h5 62. gxh5 Ke4 63. h6 Kf4 64. h7 Be5 65. Kxa3
g4 66. Bd5 Ke3 67. Kb4 g3 68. Ba8 1/2-1/2

[Event "VI Weekend A Dicembrino"]
[Site "Vimercate ITA"]
[Date "2012.11.23"]
[Round "1"]
[White "Corso, Gabriele"]
[Black "Contin, Daniel"]
[WhiteElo "1804"]
[BlackElo "2377"]
[Result "0-1"]
[PlyCount "78"]
[EventDate "2012.11.23"]

1. e4 e6 2. d4 d5 3. e5 c5 4. c3 Qb6 5. Nf3 Bd7 6. Be2 Nc6 7. O-O Nh6 8. Bxh6
gxh6 9. Qd2 Bg7 10. Na3 O-O 11. Nc2 cxd4 12. cxd4 f6 13. exf6 Rxf6 14. Ne3 Raf8
15. Rfd1 Rf4 16. Nc2 Be8 17. Qe3 Re4 18. Qd2 Bh5 19. Rab1 Nxd4 20. Ncxd4 Bxd4
21. Nxd4 Bxe2 22. Re1 Bc4 23. Rxe4 dxe4 24. b3 Bd3 25. Nc2 Rc8 26. Rb2 e5 27.
Ne3 Qe6 28. h3 h5 29. Qa5 Rc1+ 30. Kh2 Qf6 31. Qd2 Rc8 32. Nd5 Qd8 33. Ne3 Rc6
34. Qe1 Qg5 35. Qg1 h4 36. Qe1 b6 37. Qd2 Qf4+ 38. Kg1 b5 39. Ng4 Rc1+ 0-1

[Event "VI Weekend A Dicembrino"]
[Site "Vimercate ITA"]
[Date "2012.11.23"]
[Round "1"]
[White "Marholev, Dimitar"]
[Black "Deghi, Donatello"]
[WhiteElo "2313"]
[BlackElo "1800"]
[Result "1-0"]
[PlyCount "63"]
[EventDate "2012.11.23"]

1. e4 c6 2. Nc3 d5 3. Nf3 Bg4 4. h3 Bh5 5. d4 e6 6. g4 Bg6 7. exd5 exd5 8. Ne5
f6 9. Nxg6 hxg6 10. Bd3 g5 11. Bg6+ Kd7 12. f4 gxf4 13. Bxf4 Bd6 14. Bxd6 Kxd6
15. Qf3 Ne7 16. Bd3 Kc7 17. O-O-O Re8 18. Ne2 Nc8 19. Nf4 Nd6 20. Rhe1 Kb6 21.
Bg6 Re7 22. Qb3+ Kc7 23. Ne6+ Rxe6 24. Rxe6 Nd7 25. Rxd6 Kxd6 26. Qg3+ Ne5 27.
Re1 Qe7 28. Qa3+ Ke6 29. Bf5+ Kf7 30. Qxe7+ Kxe7 31. dxe5 fxe5 32. Rxe5+ 1-0

[Event "VI Weekend A Dicembrino"]
[Site "Vimercate ITA"]
[Date "2012.11.23"]
[Round "1"]
[White "Rabbiosi, Carlo"]
[Black "Salvador, Roland"]
[WhiteElo "1812"]
[BlackElo "2477"]
[Result "0-1"]
[PlyCount "30"]
[EventDate "2012.11.23"]

1. e4 c6 2. d4 d5 3. Nc3 dxe4 4. Nxe4 Nf6 5. Nxf6+ exf6 6. Nf3 Bd6 7. Be3 O-O
8. Qd2 Re8 9. O-O-O b5 10. h3 Be6 11. Kb1 Na6 12. g4 Nb4 13. b3 Bd5 14. Be2 Qa5
15. c3 Be4+ 0-1

[Event "VI Weekend A Dicembrino"]
[Site "Vimercate ITA"]
[Date "2012.11.23"]
[Round "1"]
[White "Solomon, Kenny"]
[Black "Brioschi, Camillo"]
[WhiteElo "2445"]
[BlackElo "1811"]
[Result "1-0"]
[PlyCount "57"]
[EventDate "2012.11.23"]

1. d4 Nf6 2. c4 e6 3. g3 d5 4. Nf3 c6 5. Qc2 Nbd7 6. Bg2 Bd6 7. O-O O-O 8. Nbd2
Re8 9. Rd1 Qc7 10. e4 dxe4 11. Nxe4 Nxe4 12. Qxe4 Nf6 13. Qe2 e5 14. c5 Bf8 15.
dxe5 Nd5 16. Qc2 g6 17. b3 Bf5 18. Qc4 Rad8 19. Bg5 Rd7 20. b4 Bg7 21. Qh4 Nc3
22. Re1 Rd5 23. Bf6 Qd7 24. Bxg7 Kxg7 25. Qf6+ Kg8 26. e6 Ne2+ 27. Rxe2 Rxe6
28. Rxe6 fxe6 29. Ne5 1-0